000 01504nam0a2200409 i 4500
001 RU\NLR\BIBL_A\010867060
005 20260406044341.0
010 _a9785906789082
_91200
021 _aRU
_b2015-74134
_94465
035 _a(NILC)RuMoRGB-008027829
035 _a(NLR Aleph) 010867060
090 _a10449719
_c10449719
100 _a20151023d2015 m y0rusy50 ca
101 0 _arus
102 _aRU
105 _aa z 000yy
200 1 _aВсе оттенки порока
_e[сборник]
_fЭрих Фромм, Бовуар, Симона
210 _aМосква
_cАлгоритм
_d2015
215 _a301, [2] с.
_cил.
_d21
225 1 _aФилософский поединок
333 _a16+
606 1 _aНеофрейдизм
_yСоединенные Штаты Америки
_92202474
_3RU\NLR\AUTH\661323434
606 _aПоловые извращения
_xФилософско-психологический аспект
_92203717
_3RU\NLR\AUTH\661324108
675 _a159.9
686 1 _aЮ3(7США)6-736.5
686 1 _aЮ91(7США)6-736.5
686 1 _aЮ937.3-342.1
686 1 _aЮ216.22
686 1 _aЮ3(4Фр)63
700 1 _8rus
_7ca
_aФромм
_bЭ.
_f1900-1980
_gЭрих
_3RU\NLR\AUTH\7717063
_9155
701 1 _7ca
_8rus
_aБовуар
_bС. де
_f1908-1986
_gСимона де
_3RU\NLR\AUTH\774234
_9114216
801 0 _aRU
_bРГБ
_c20150924
_gRCR
942 _cBOOK
980 _aSUPPRESS
980 _aNBR